000 00340nam a2200133Ia 4500
008 240624s9999 xx 000 0 und d
041 _aeng
082 _a005.758 SEQ
100 _aSEQUEIRA ANTHONY
245 _aSQL SERVER 2000 THE ULTIMATE REFERENCE
260 _c2003
_aNew Delhi
_bWiley Dreamtech India
300 _axx, : 739
365 _cRS
999 _c943
_d943